000 02561 a2200361 4500
001 OB-editionsmsh-7406
003 FrMaCLE
005 20251214082629.0
007 cu ||||||m||||
008 170706e||||||||xx |||||s|||||||||0|fr|d
020 _a978-2-7351-1838-0
024 7 _a10.4000/books.editionsmsh.7406
_2doi
040 _aFR-FrMaCLE
041 _afra
100 1 _aBenoît, Catherine
245 1 0 _aCorps, jardins, mémoires :
_bAnthropologie du corps et de l'espace à la Guadeloupe /
_cCatherine Benoît.
260 _aParis :
_bÉditions de la Maison des sciences de l’homme,
_c2017.
300 _a310 p.
500 _aEbook
520 _a De création récente, les sociétés de la Caraïbe sont issues de la colonisation des Amériques qui s'accompagna de l'extermination de populations amérindiennes, de la transplantation et de l'esclavage de populations d'origine africaine, puis de différentes vagues de migration. Ces sociétés ont su pourtant élaborer des systèmes originaux de représentations du corps et de la maladie qui rendent compte de leur inscription sur un sol nouveau et expriment de nouveaux rapports sociaux. Cet ouvrage étudie plus particulièrement la manière dont, à la Guadeloupe, les savoirs concernant la santé et la maladie constituent un ensemble structuré de représentations et de pratiques qui renvoient à des cosmogonies bien définies. En recourant aux méthodologies de l'ethnobotanique et de l'ethnomédecine, en faisant appel à la cartographie, l'auteur analyse la pharmacopée à base de plantes médicinales et propose une lecture originale du paysage des jardins de case. L'organisation de ces derniers reflète en effet la vision du monde de ses occupants, et matérialise dans l'espace le bien-être et les maux du corps, tout comme les relations avec l'entourage et les morts. On découvre ainsi comment, dans une situation de pluralisme médical et dans un milieu pluriethnique, des thérapeutes et des patients passent d'un système médical à l'autre sans pour autant abandonner leur vision du monde.
540 _aOpenEdition Books License
_uhttps://www.openedition.org/12554
650 4 _aMultidisciplinary
650 4 _aGuadeloupe
650 4 _amédecine
650 4 _ajardin
650 4 _aanthropologie
650 4 _aanthropologie médicale
650 4 _aethnobotanique
650 4 _aethnomédecine
650 4 _apharmacologie
776 _z978-2-7351-0860-2
856 4 _eBenoît, Catherine
_uhttps://books.openedition.org/editionsmsh/7406
_yCorps, jardins, mémoires
999 _c5363
_d5363